Statistics for Players that Scored the Top Goals at the 2014 FIFA World Cup

Click here to take the quiz!

General Stats

  • This quiz has been taken 134 times
  • The average score is 8 of 10

Answer Stats

# Team Player % Correct
1 | 3ColombiaJames Rodríguez
98%
8 | 9ArgentinaLionel Messi
97%
2NetherlandsRobin van Persie
86%
6AustraliaTim Cahill
70%
7SpainDavid Villa
67%
10SwitzerlandXherdan Shaqiri
64%
4GermanyMario Götze
58%
5BrazilDavid Luiz
54%

Score Distribution

Percentile by Number Answered

Percent of People with Each Score

Your Score History

You have not taken this quiz